| 000 | 02643nam0a2200445 4500 | ||
|---|---|---|---|
| 001 | RU\NLR\BIBL_A\012768755 | ||
| 005 | 20260607125953.0 | ||
| 010 |
_a978-5-8088-1648-0 _9100 |
||
| 021 |
_aRU _bКН-П-21-096630 _9КН-П-21-7731 |
||
| 035 | _a(NLR Aleph) 012768755 | ||
| 035 | _a(RuMoRGB)010950951 | ||
| 090 |
_a13725284 _c13725284 |
||
| 100 | _a20220420d2021 u y0rusy50 ca | ||
| 101 | 0 | _arus | |
| 102 | _aRU | ||
| 105 | _a |||j|||000zy | ||
| 181 | 0 |
_ai3 _baxxe |
|
| 182 | 0 | _an | |
| 200 | 1 |
_aКвантовые технологии _eучебное пособие _fВ. И. Казаков, Т. В. Казиева, О. Д. Москалец, В. Е. Родимин _gпод редакцией доктора технических наук, профессора А.Р. Бестугина _gМинистерство науки и высшего образования Российской Федерации, Федеральное государственное автономное образовательное учреждение высшего образования Санкт-Петербургский государственный университет аэрокосмического приборостроения |
|
| 203 |
_aТекст _bвизуальный _cнепосредственный |
||
| 210 |
_aСанкт-Петербург _cГУАП _d2021 |
||
| 215 |
_a119 с. _cил., табл., цв. ил. _d21 |
||
| 320 | _aБиблиогр.: с. 114-116 (43 назв.) | ||
| 606 | 1 |
_aКвантовая криптография _jУчебные издания для высших учебных заведений _2nlr_sh2 _3RU\NLR\AUTH\6601713402 |
|
| 606 | 1 |
_aКвантовые вычисления _jУчебные издания для высших учебных заведений _2nlr_sh1 _2nlr_sh2 _3RU\NLR\AUTH\661310036 |
|
| 610 | 0 | _aквантовая криптография | |
| 610 | 0 | _aквантовые вычисления | |
| 610 | 0 | _aквантовые коммуникации | |
| 675 |
_a530.145(075.8) _v4 |
||
| 686 | 1 | _aЗ811.4я73-1 | |
| 686 | 1 | _aВ314я73-1 | |
| 701 | 1 |
_aКазаков _bВ. И. _gВасилий Иванович |
|
| 701 | 1 |
_aКазиева _bТ. В. _gТатьяна Вадимовна |
|
| 701 | 1 |
_aМоскалец _bО. Д. _gОлег Дмитриевич |
|
| 701 | 1 |
_aРодимин _bВ. Е. _gВадим Евгеньевич |
|
| 702 | 1 |
_aБестугин _bА. Р. _gАлександр Роальдович _4340 |
|
| 942 | _cBOOK | ||
| 980 | _aNB | ||